| 000 | 00349nam a2200133Ia 4500 | ||
|---|---|---|---|
| 008 | 240624s9999 xx 000 0 und d | ||
| 041 | _aeng | ||
| 082 | _a828 BER | ||
| 100 | _aBERNE ERIC | ||
| 245 | _aGAMES PEOPLE PLAY THE BASIC HANDBOOK OF | ||
| 260 |
_c2004 _aNew Delhi _bBallantine Books |
||
| 300 | _axvi, : 196 : p. : cm. ; 20 | ||
| 365 |
_c _b25 |
||
| 999 |
_c23837 _d23837 |
||